Nem most vizesedett át a Hősök kapuja
Elmentve itt :
| Dokumentumtípus: | Cikk |
|---|---|
| Megjelent: |
2019-02-27
|
| Sorozat: | Délmagyarország
109 No. 49 |
| Kulcsszavak: | SZTE Műszaki Igazgatóság, Kárbejelentés - beázás - Hősök kapuja - Aba Novák-freskó |
| Online Access: | http://univ.bibl.u-szeged.hu/49898 |
| LEADER | 00615nab a2200169 i 4500 | ||
|---|---|---|---|
| 001 | univ49898 | ||
| 005 | 20190228102813.0 | ||
| 008 | 190228s2019 hu o 0|| zxx d | ||
| 040 | |a SZTE UnivHistória Repozitórium |b hun | ||
| 041 | |a zxx | ||
| 245 | 0 | 4 | |a Nem most vizesedett át a Hősök kapuja |h [elektronikus dokumentum] |
| 260 | |c 2019-02-27 | ||
| 300 | |a 5 | ||
| 490 | 0 | |a Délmagyarország |v 109 No. 49 | |
| 561 | |a Egyetemi hirarchívum | ||
| 695 | |a SZTE Műszaki Igazgatóság, Kárbejelentés - beázás - Hősök kapuja - Aba Novák-freskó | ||
| 856 | 4 | 0 | |u http://univ.bibl.u-szeged.hu/49898/1/10126094.pdf |z Dokumentum-elérés |